Matematika i matematičeskoje obrazovanije v sovremennom mire
Guardado en:
| Autor principal: | |
|---|---|
| Formato: | Libro |
| Lenguaje: | ruso |
| Publicado: |
Moskva :
Prosveščenije,
1985
|
| Etiquetas: |
Sin Etiquetas, Sea el primero en etiquetar este registro!
|
MARC
| LEADER | 00000nam a22000003a 4500 | ||
|---|---|---|---|
| 001 | stu85981 | ||
| 005 | 20150617225634.1 | ||
| 008 | 040421s1985------------------------rus-d | ||
| 040 | |a STU |b slo | ||
| 041 | 0 | |a rus | |
| 100 | 1 | |a Gnedenko, Boris Vladimirovič |4 aut | |
| 245 | 1 | |a Matematika i matematičeskoje obrazovanije v sovremennom mire | |
| 260 | |a Moskva : |b Prosveščenije, |c 1985 | ||
| 300 | |a 190 s | ||
| 996 | |b E59206 |c E*59206 |l EE03 |s P |a 0 |w stu85981_0001 | ||